Best all-time footballer from each club in La Liga - Statistics

General Stats
  • This quiz has been taken 42 times
  • The average score is 6 of 75
Answer Stats
Team Player % Correct
Real Madrid Cristiano Ronaldo
100%
FC Barcelona Lionel Messi
97%
Real Sociedad Antoine Griezmann
76%
Sporting Gijón David Villa
34%
Cartagena Pepito Ramos
32%
RC Celta de Vigo David Silva
18%
Sevilla Diego Maradona
16%
CD Leganés Samuel Eto'o
13%
Espanyol Alfredo Di Stefano
11%
Rayo Vallecano Hugo Sánchez
11%
Levante UD Johan Cruyff
11%
Hércules Mario Kempes
11%
Recreativo de Huelva Santi Cazorla
11%
Athletic Club Telmo Zarra
11%
Real Zaragoza Cafú
8%
Cultural Leonesa César Rodriguez
8%
Getafe Emiliano Martínez
8%
Cádiz Jorge 'Mágico' Gonzalez
8%
Villarreal Juan Román Riquelme
8%
Lleida Raúl Tamudo
8%
Valencia Romario
8%
CD Lugo Diego López
5%
Elche CF Fabián Ruiz
5%
Real Valladolid Fernando Hierro
5%
Real Betis Luis del Sol
5%
Racing Ferrol Marcelino
5%
Castellón Pablo Hernández
5%
Racing Santander Paco Gento
5%
UD Las Palmas Pedri
5%
SD Eibar Xabi Alonso
5%
Deportivo Alavés Andoni Zubizarreta
3%
Utebo Cani
3%
Ejea Carlos Vicente
3%
CA Osasuna Cesar Azpilicueta
3%
Sabadell Chus Pereda
3%
CD Mirandés Dani Vivian
3%
Albacete Fernando Morientes
3%
CD Tenerife Fernando Redondo
3%
Real Oviedo Isidro Langara
3%
Nástic Tarragona Jordi Alba
3%
Marbella José Callejón
3%
Burgos Juanito
3%
Deportivo La Coruña Luis Suárez (Spain)
3%
Andorra Mika Marmol
3%
Logroñés Óscar Ruggeri
3%
Salamanca Pauleta
3%
Badajoz Pedro Munitis
3%
Málaga Ruud van Nistelrooy
3%
Numancia Alberto Belsué
0%
Alcorcón Dakonam Djené
0%
At. Sanluqueño Dani Güiza
0%
Xerez Fabián Orellana
0%
UD Almería Felipe Melo
0%
Arenas Club Guillermo Gorostiza
0%
CD Ebro Javier Paredes
0%
Real Murcia Joaquín Peiró
0%
Córdoba Jose Antonio Reyes
0%
Real Jaén Jose Basualdo
0%
Fuenlabrada Jose Luis Morales
0%
Alcoyano Jose Luis Pérez-Payá
0%
Ponferradina Kepa Arrizabalaga
0%
Terrassa Lobo Carrasco
0%
Atlético Madrid Luis Suárez (Uruguay)
0%
RCD Mallorca Marco Asensio
0%
Ibiza Marco Borriello
0%
Tarazona Maurizio Lanzaro
0%
Eldense Mutiu Adepoju
0%
SD Huesca Paco Buyo
0%
Granada Pirri
0%
RB Linense Ramón Tejada
0%
Real Unión de Irún Roberto López Ufarte
0%
Melilla Samu Saiz
0%
Mérida AD Santiago Cañizares
0%
Girona Yassine Bounou
0%
Teruel Zouhair Feddal
0%
No matching quizzes found
Score Distribution
Percent of People with Each Score
Percentile by Number Answered
Your Score History
You have not taken this quiz